000 00494nam a22001697a 4500
999 _c524679
_d524679
003 NUST
038 _awaseem
082 _a891.439092
_bQUR
100 _aQureshi, Nisaar Ahmad
_915447
245 _aSufi Ghulam Mustafa Tabbassum /
_cNisar Ahmad Qureshi
260 _aIslamabad :
_bS.T Printers,
_c2008.
300 _a410 p. ;
500 _aHardcover.
880 _6100-01\r
_a نثاراحمد قریشی
880 _6245-02\r
_a صوفی غلام مصطفی تبسم /
942 _2ddc
_cBK